Sarah's key / Tatiana de Rosnay.
Record details
- ISBN: 9780312370831
- ISBN: 0312370830
- Physical Description: 294 pages ; 24 cm.
- Edition: 1st edition
- Publisher: New York : St. Martin's Press, c2007.
Search for related items by subject
| Subject: | Jews > France > Fiction. France > History > German occupation, 1940-1945 > Fiction. World War, 1939-1945 > France > Anniversaries, etc. > Fiction. Americans > France > Fiction. Women authors > Fiction. Family secrets > Fiction. Paris (France) > Fiction. |
| LDR | 01404cam a2200361 a 4500 | ||
|---|---|---|---|
| 001 | 131368 | ||
| 003 | SBPL | ||
| 005 | 20220222150759.0 | ||
| 008 | 070322s2007 nyu 000 1 eng | ||
| 010 | . | ‡a 2007010080 | |
| 020 | . | ‡a9780312370831 | |
| 020 | . | ‡a0312370830 | |
| 035 | . | ‡a(CONS)131368 | |
| 035 | . | ‡a(CPomAG)LMN502165 | |
| 043 | . | ‡ae-fr--- | |
| 050 | 0 | 0. | ‡aPR9105.9.R66 ‡bS27 2007 |
| 082 | 0 | 0. | ‡a823/.914 ‡222 |
| 100 | 1 | . | ‡aRosnay, Tatiana de, ‡d1961- |
| 245 | 1 | 0. | ‡aSarah's key / ‡cTatiana de Rosnay. |
| 250 | . | ‡a1st edition | |
| 260 | . | ‡aNew York : ‡bSt. Martin's Press, ‡cc2007. | |
| 300 | . | ‡a294 pages ; ‡c24 cm. | |
| 650 | 0. | ‡aJews ‡zFrance ‡vFiction. | |
| 651 | 0. | ‡aFrance ‡xHistory ‡yGerman occupation, 1940-1945 ‡vFiction. | |
| 650 | 0. | ‡aWorld War, 1939-1945 ‡zFrance ‡xAnniversaries, etc. ‡vFiction. | |
| 650 | 0. | ‡aAmericans ‡zFrance ‡vFiction. | |
| 650 | 0. | ‡aWomen authors ‡vFiction. | |
| 650 | 0. | ‡aFamily secrets ‡vFiction. | |
| 651 | 0. | ‡aParis (France) ‡vFiction. | |
| 901 | . | ‡a131368 ‡bUnknown ‡c131368 ‡tbiblio | |